IFM Opac

Principle of Economics (Record no. 14083)

MARC details
000 -LEADER
fixed length control field 00300nam a22001217a 4500
020 ## - INTERNATIONAL STANDARD BOOK NUMBER
International Standard Book Number 99876940329
082 ## - DEWEY DECIMAL CLASSIFICATION NUMBER
Classification number 330 MUT
100 ## - MAIN ENTRY--PERSONAL NAME
Personal name Mutasa, F . L.
9 (RLIN) 3746
245 ## - TITLE STATEMENT
Title Principle of Economics
260 ## - PUBLICATION, DISTRIBUTION, ETC.
Date of publication, distribution, etc. 2003
Place of publication, distribution, etc. Dar es salaam
Name of publisher, distributor, etc. Tanzania institute of Bankers
650 ## - SUBJECT ADDED ENTRY--TOPICAL TERM
Topical term or geographic name entry element Economics
9 (RLIN) 895
942 ## - ADDED ENTRY ELEMENTS (KOHA)
Koha item type Books

No items available.